000 00941nam a2200265Ia 4500
003 OSt
005 20221005103432.0
006 a|||||r|||| 00| 0
007 ta
008 221004b |||||||| |||| 00| 0 hin d
020 _c100
024 _a108339
037 _b550, 17/03/2011, Eastern Book Linkers
_cTextual
040 _aCRL
_cCRL
_bhin
041 _2hin
_ahin
082 _aO151:g, 152P9
100 _aडागा, तारा
245 0 _aप्राकृत साहित्य की रूप - रेखा
246 _aPrākṛut sāhitya kī rūp - rekhā
260 _aजयपुर
_bप्रकृत भारती अकादमी भारत
_c2009
300 _a161पृ0
_ccm.
650 _aसंस्कृत साहित्य
942 _hO151:g, 152P9
_cTEXL
_2cc
999 _c1010085
_d1010085